• 首页
  • 本馆介绍
  • 公告通知
  • 最新文献
  • 馆藏检索
  • 电子资源
  • 读者导购
  • 参考咨询
  • 我的图书馆
  • 登录
  • 详细信息显示
  • 放入我的书架
  • 预约/预借图书
  • 作者相关作品
  • 分类相关作品
  • 丛书相关作品
  • 出版社相关作品

书目信息

  • 表格格式
  • 工作单格式
  • 卡片格式
题名:
幼有善育
    
 
作者: 上海师范大学天华学院 编
分册:  
出版信息: 上海   上海教育出版社  2020.06
页数: 422页
开本: 23cm
丛书名:
单 册:
中图分类: G617
科图分类:
主题词: 幼儿园--教学管理
电子资源:
ISBN: 978-7-5720-0135-2
000 00883nam0 2200229 450
001 0103152647
005 20201103152730.0
010    @a978-7-5720-0135-2@dCNY86.00
100    @a20200910d2020 em y0chiy0110 ea
101 0  @achi
102    @aCN@b310000
105    @ay z 000yy
106    @ar
200 1  @a幼有善育@Ayou you shan yu@f上海师范大学天华学院编
210    @a上海@c上海教育出版社@d2020.06
215    @a422页@d23cm
330    @a本书是基于2019年上海市幼儿园园长培训项目的优秀成果,汇编的优秀幼儿园实践与管理案例论文。书中共收录案例论文31篇,分别从儿童发展与习惯养成、幼儿园特色课程、教师教育策略和幼儿园管理与家园共育等方面进行的总结与梳理,形成的实践案例论文集。
606 0  @a幼儿园@x教学管理
690    @aG617@v5
701  0 @a上海师范大学天华学院@Ashang hai shi fan da xue tian hua xue yuan@4编
801  0 @aCN@bBJSZM@c20201103
905    @b1255996-6000@dG617@e1045@f5
    
    幼有善育/上海师范大学天华学院编.-上海:上海教育出版社,2020.06
    422页;23cm
    
    
    ISBN 978-7-5720-0135-2:CNY86.00
    本书是基于2019年上海市幼儿园园长培训项目的优秀成果,汇编的优秀幼儿园实践与管理案例论文。书中共收录案例论文31篇,分别从儿童发展与习惯养成、幼儿园特色课程、教师教育策略和幼儿园管理与家园共育等方面进行的总结与梳理,形成的实践案例论文集。
●
相关链接 在E读中查询图书 在五车中查询图书 在当当中查询图书 在豆瓣中查询图书


正题名:幼有善育     索取号:G617/1045         预约/预借

序号 登录号 条形码 馆藏地/架位号 状态 备注
1 1255996   212559961   第一样本阅览室/ [索取号:G617/1045] 在馆    
2 1255997   212559970   教育系资料室/ [索取号:G617/1045] 在馆    
3 1255998   212559989   教育系资料室/ [索取号:G617/1045] 在馆    
4 1255999   212559998   第四借阅区/ [索取号:G617/1045] 在馆    
5 1256000   212560003   第四借阅区/ [索取号:G617/1045] 在馆    
唐山师范学院图书馆 欢迎您!
大连网信软件有限公司© 版权所有